000 00282nam a2200121Ia 4500
008 240624s9999 xx 000 0 und d
041 _aeng
082 _a659.1 OGI
100 _aOGILVY DAVID
245 _aOGILVY ON ADVERTISING
260 _aNew York
_bCarlton Books
365 _c
_b26
999 _c22878
_d22878